| 000 | 00531nam a2200205Ia 4500 | ||
|---|---|---|---|
| 003 | OSt | ||
| 005 | 20220926044643.0 | ||
| 006 | a|||||r|||| 00| 0 | ||
| 007 | ta | ||
| 008 | 220923b |||||||| |||| 00| 0 eng d | ||
| 037 | _cGeneral Book | ||
| 040 |
_aRTL _cRTL _beng |
||
| 041 |
_2eng _aeng |
||
| 082 | _aX9.216.3T.N6, K2 | ||
| 100 |
_aNarayan B K _924671 |
||
| 245 | 0 | _aSurvey of industries in Tedangana | |
| 260 | _c1962 | ||
| 942 |
_hX9.216.3T.N6, K2 _cGB _2CC |
||
| 999 |
_c675451 _d675451 |
||